[Event "Finland Team Ch 2010-2011"]
[Site "Kirkkonummi FIN"]
[Date "2011.01.22"]
[Round "4"]
[White "Grönroos, Matti"]
[Black "Heimonen, Arto"]
[Result "1-0"]
[Section "III Division:5"]
[Board "2"]
[WhiteTeam "Kirkkonummen Shakkikerho"]
[BlackTeam "Lauttasaaren Shakkikerho 3"]
[WhiteElo "1958"]
[BlackElo "1579"]

1.e4 c5 2.Nf3 e6 3.d4 cxd4 4.Nxd4 Nf6 5.Nc3 Nc6 6.Nxc6 bxc6 7.e5 Nd5
8.Nxd5 cxd5 9.Bd3 Qc7 10.Qe2 Bb4 11.Kf1 Bb7 12.h4 Rc8 13.Rh3 d6?
(13...Be7) 14.Qg4 dxe5 15.Qxb4 e4 16.Bb5+ Kd8 17.Rc3 Qh2 18.Qa5+ Ke7
19.Qxa7 Rxc3 20.bxc3 Qc7 21.Bf4 Qxf4 22.Qxb7+ Kf6 23.Qa7 Qxh4 24.Kg1
g5 25.Qd4+ e5 26.Qxd5 Qf4 27.Re1 Rc8 28.Rxe4 Qc1+ 29.Kh2 Qxc2 30.Qxe5+
Kg6 31.Re3 Qxf2 32.Bd3+ Kh5 33.Rh3+ Kg4 34.Be2+ 1-0

[Event "Finland Team Ch 2010-2011"]
[Site "Kirkkonummi FIN"]
[Date "2011.01.22"]
[Round "4"]
[White "Koivusalo, Riku"]
[Black "Lehtiranta, Jari"]
[Result "0-1"]
[Section "III Division:5"]
[Board "3"]
[WhiteTeam "Lauttasaaren Shakkikerho 3"]
[BlackTeam "Kirkkonummen Shakkikerho"]
[WhiteElo "1541"]
[BlackElo "1819"]

1.d4 f5 2.Nf3 d5 3.Bg5 g6 4.e3 Bg7 5.h4 Nf6 6.Bxf6 Bxf6 7.h5 g5 8.h6
Rg8 9.Bd3 Be6 10.g4 Qd7 11.Nbd2 Nc6 12.c3 O-O-O 13.Qc2 fxg4 14.Ne5
(14.Nb3 b6 15.Nfd2) Nxe5 15.dxe5 Bxe5 16.Bxh7 Rgf8 17.Nb3 g3 18.O-O-O
Rxf2 19.Qg6 Bf5 20.Qxg5 Bxh7 21.Qxe5 g2 22.Rhg1 Qh3 23.Nd4 Qxh6 24.Ne6
Rd6 25.Qh8+ Kd7 26.Nf8+ Rxf8 27.Qd4 Be4 0-1

[Event "Finland Team Ch 2010-2011"]
[Site "Kirkkonummi FIN"]
[Date "2011.01.22"]
[Round "4"]
[White "Ahokas, Eero"]
[Black "Kauppinen, Janne"]
[Result "1/2-1/2"]
[Section "III Division:5"]
[Board "4"]
[WhiteTeam "Kirkkonummen Shakkikerho"]
[BlackTeam "Lauttasaaren Shakkikerho 3"]
[WhiteElo "1734"]
[BlackElo "1438"]

1.e4 c5 2.Nf3 d6 3.d4 cxd4 4.Nxd4 Nf6 5.Nc3 a6 6.Be3 Bd7 7.f3 b5 8.Qd2
Nc6 9.O-O-O Qc7 10.g4 h6 11.Kb1 Nxd4 12.Bxd4 e5 13.Be3 Be7 14.Be2 Rc8
15.Rc1 Be6 16.Nd5 Bxd5 17.exd5 Qb7 18.Rhd1 Bd8 19.h4 1/2-1/2

[Event "Finland Team Ch 2010-2011"]
[Site "Kirkkonummi FIN"]
[Date "2011.01.22"]
[Round "4"]
[White "Liang, Ville"]
[Black "Rusanen, Veikko"]
[Result "1-0"]
[Section "III Division:5"]
[Board "5"]
[WhiteTeam "Lauttasaaren Shakkikerho 3"]
[BlackTeam "Kirkkonummen Shakkikerho"]
[WhiteElo "1323"]
[BlackElo "1507"]

1.e4 e5 2.Nf3 d6 3.b3 Nf6 4.Nc3 a6 5.Bb2 Nc6 6.h3 Be7 7.d4 exd4 8.Nxd4
Ne5 9.f4 Ned7 10.Qf3 O-O 11.Nf5 Nc5 12.O-O-O Bxf5 13.exf5 Rb8 14.g4 h6
15.h4 Nh7 16.g5 1-0

[Event "Finland Team Ch 2010-2011"]
[Site "Helsinki FIN"]
[Date "2011.02.12"]
[Round "5"]
[White "Borenius, Mika"]
[Black "Kauppala, Pekka"]
[Result "1-0"]
[Section "II Division:1"]
[Board "1"]
[WhiteTeam "Espoon Shakkikerho 2"]
[BlackTeam "Lauttasaaren Shakkikerho"]
[WhiteElo "1999"]
[BlackElo "2170"]

1.d4 g6 2.e4 Bg7 3.Nc3 d6 4.Be3 c6 5.Qd2 Qa5 6.Bc4 Nf6 7.f3 O-O 8.h4
e5 9.h5 Nxh5 10.g4 Nf4 11.Bxf4 exf4 12.Qxf4 d5 13.exd5 cxd5 (13...b5!
14.Bd3 b4 15.Ne4 cxd5 16.Nf6+ Bxf6 17.Qxf6 Nd7 {=}) 14.Bxd5 Nc6 15.O-O-O
Nb4 16.Bb3 Be6 17.d5 Bd7 18.Nge2 Rfe8 19.Ne4 Rxe4?? (19...Ba4!
20.Nf6+?? (20.Nd6 {=}) Bxf6 21.Qxf6 Bxb3 22.Rxh7 Nxa2+ 23.Kb1 Bxc2+
24.Kxc2 Rxe2+ {-+}) 20.fxe4 Ba4 21.Rxh7 Bxb3 22.Rxg7+ Kxg7 23.Qe5+ f6
24.Qe7+ Kg8 25.axb3 Rf8 26.Nd4 Qa1+ 27.Kd2 Qa5 28.c3 Nc6 1-0

[Event "Finland Team Ch 2010-2011"]
[Site "Helsinki FIN"]
[Date "2011.02.12"]
[Round "5"]
[White "Heikkinen, Jyrki"]
[Black "Kokko, Esa"]
[Result "1-0"]
[Section "II Division:1"]
[Board "2"]
[WhiteTeam "Lauttasaaren Shakkikerho"]
[BlackTeam "Espoon Shakkikerho 2"]
[WhiteElo "2058"]
[BlackElo "1871"]

1.d4 Nf6 2.Nc3 d5 3.e4 Nxe4 4.Nxe4 dxe4 5.Bc4 c5 6.Be3 e6 7.Nh3 Be7
8.c3 Nc6 9.dxc5 O-O 10.Qh5 Bf6 11.Ng5 Bxg5 12.Bxg5 f6 13.Bf4 Na5
14.Rd1 Qe8 15.Qxe8 Rxe8 16.Bb5 Nc6 17.Rd6 e5 18.Bc1 Be6 19.b3 Rac8
20.O-O Kf7 21.Rfd1 Re7 22.Be3 Rec7 23.h3 h5 24.Be2 g6 25.b4 a6 26.a4
Bb3 27.Ra1 Ke7 28.b5 Na5 29.bxa6 bxa6 30.Bxa6 Ra8 31.Rb1 g5 32.Kh2 Bc4
33.Rbb6 (33.Bb5 Bd3 34.Rb4) Bf7?? (33...Rxa6 {=}) 34.Rxf6 Nc4? 35.Rxf7+
Kxf7 36.Bxc4+ Kg7 37.Bb5 Ra5 38.Re6 g4 39.hxg4 hxg4 40.Rxe5 Kf6
41.Rxe4 1-0

[Event "Finland Team Ch 2010-2011"]
[Site "Helsinki FIN"]
[Date "2011.02.12"]
[Round "5"]
[White "Lehtinen, Tero"]
[Black "Sobenin, Evgeny"]
[Result "1-0"]
[Section "II Division:1"]
[Board "3"]
[WhiteTeam "Espoon Shakkikerho 2"]
[BlackTeam "Lauttasaaren Shakkikerho"]
[WhiteElo "1841"]
[BlackElo "1962"]

1.d4 d6 2.Nc3 g6 3.Bg5 Bg7 4.f3 Nc6 5.d5 Ne5 6.e4 h6 7.Bh4 c5 8.f4 Ng4
9.Bb5+ Bd7 10.Qxg4 Bxb5 11.Nge2 Bd7 12.Qf3 Qb6 13.O-O h5 14.h3 O-O-O
15.Bf2 Qxb2 16.Rab1 Qa3 17.Rb3 Qa6 18.a4 b6 19.Ra3 Qc4 20.e5 Kc7
21.Nb5+ Bxb5 22.axb5 Ra8 23.Rc3 Qxb5 24.Nd4 Qa4 25.Nc6 a6 26.Bh4 f6
27.exd6+ exd6 28.Re3 g5?? (28...Qxc2 {=}) 29.Rfe1 gxh4 30.Re7+ Nxe7
31.Rxe7+ Kc8 32.Qe2 1-0

[Event "Finland Team Ch 2010-2011"]
[Site "Helsinki FIN"]
[Date "2011.02.12"]
[Round "5"]
[White "Joutsivuo, Timo"]
[Black "Lindholm, Arto"]
[Result "0-1"]
[Section "II Division:1"]
[Board "4"]
[WhiteTeam "Lauttasaaren Shakkikerho"]
[BlackTeam "Espoon Shakkikerho 2"]
[WhiteElo "1947"]
[BlackElo "1945"]

1.d4 d6 2.Nf3 Nd7 3.Bf4 Ngf6 4.e3 c6 5.Bd3 g6 6.c3 Bg7 7.Qc2 Nd5 8.Bg5
Nf8 9.e4 Nc7 10.Nbd2 Be6 11.a4 a5 12.Be3 d5 13.e5 Qc8 14.Ng5 Bf5
15.Bxf5 gxf5 16.f4 e6 17.c4 Ng6 18.Rc1 O-O 19.O-O h6 20.Ngf3 Qd7 21.c5
Kh7 22.Nb3 Ra7 23.Kh1 Rg8 24.Rg1 Qd8 25.g3 Bf8 26.Qg2 Be7 27.Qh3 Nh8
28.g4 fxg4 29.Rxg4 Rxg4 30.Qxg4 Qg8 31.Qh3 Qg6 32.f5 Qxf5 33.Qxh6+ Kg8
34.Qf4 (34.Rg1+ Ng6 35.Nbd2) Qxf4 35.Bxf4 Ng6 36.Bd2 f6 37.Rg1 Kf7
38.Nxa5 (38.h4) fxe5 39.b4 exd4 40.Nxd4 Ne5 41.Bf4 Bf6 42.Bxe5 Bxe5
43.Naxc6 bxc6 44.Nxc6 Rxa4 45.Nxe5+ Kf6 46.Nc6 Ra2 47.h4 Ra6 48.Nd4
(48.Rf1+! Kg7 49.Ne5 Nb5 50.Rf7+ {+-}) e5 49.Rf1+ Kg6 50.h5+ Kh6 51.Nf5+
Kxh5 52.Nd6 Kg4 53.b5 Nxb5 54.Nxb5 Rc6 55.Rc1 Kf3 56.Na7 Rc7 57.Ra1??
(57.Nb5 Rc6 {=}) Rxc5 58.Rb1 d4 59.Nb5 d3 60.Rb3 Ke2 61.Nc3+ Rxc3
62.Rxc3 e4 63.Kg2 d2 64.Rc2 Kd3 65.Rc7 d1=Q 66.Rd7+ Kc2 67.Rxd1 Kxd1
68.Kf2 Kd2 0-1

[Event "Finland Team Ch 2010-2011"]
[Site "Helsinki FIN"]
[Date "2011.02.12"]
[Round "5"]
[White "Karasmäki, Seppo"]
[Black "Pitkänen, Tuomas"]
[Result "1/2-1/2"]
[Section "II Division:1"]
[Board "5"]
[WhiteTeam "Espoon Shakkikerho 2"]
[BlackTeam "Lauttasaaren Shakkikerho"]
[WhiteElo "1822"]
[BlackElo "1960"]

1.e4 d5 2.exd5 Nf6 3.Nc3 Nxd5 4.d4 Bf5 5.Nxd5 Qxd5 6.c4 Qe4+ 7.Be3 e5
8.a3 exd4 9.Qxd4 Nc6 10.Qxe4+ Bxe4 11.O-O-O Rd8 12.Rxd8+ Kxd8 13.Ne2
Na5 14.Nc3 Nb3+ 15.Kd1 Bc6 16.Kc2 Nc5 17.f3 a5 18.Be2 Be7 19.Rd1+ Kc8
20.b4 axb4 21.axb4 Ne6 22.b5 Be8 23.Nd5 Bd6 24.g3 f6 25.Bd3 Bg6 26.f4
Bxd3+ 27.Rxd3 Re8 28.Nb6+ Kb8 29.Nd7+ Kc8 30.Nb6+ Kb8 31.Nd7+ 1/2-1/2

[Event "Finland Team Ch 2010-2011"]
[Site "Helsinki FIN"]
[Date "2011.02.12"]
[Round "5"]
[White "Kujasalo, Marjatta"]
[Black "Piippo, Mikko"]
[Result "1/2-1/2"]
[Section "II Division:2"]
[Board "1"]
[WhiteTeam "Itä-Helsingin Shakkikerho 3"]
[BlackTeam "Lauttasaaren Shakkikerho 2"]
[WhiteElo "1704"]
[BlackElo "1818"]

1.d4 f5 2.c4 Nf6 3.g3 e6 4.Bg2 c6 5.Nf3 d5 6.cxd5 cxd5 7.O-O Bd6 8.Nc3
a6 9.Bd2 O-O 10.a4 Nc6 11.e3 Bd7 12.Ne2 Ne4 13.Be1 Be8 14.Qb3 b5
15.axb5 axb5 16.Rxa8 Qxa8 17.Nc3 Nxc3 18.bxc3 Qa4 19.Qxa4 bxa4 20.Bd2
Na5 21.Ra1 Nb3 22.Ra2 Bb5 (22...a3! {-/+}) 23.Bf1 Nxd2 24.Nxd2 Bxf1
25.Kxf1 Ra8 26.Ke2 Kf7 27.Kd3 a3 28.c4 dxc4+ 29.Nxc4 Be7 30.f4 Ke8
31.Kc3 Kd8 32.Kd3 Rb8 33.h4 h6 34.Ne5 Rb3+ 35. Kd2 Bb4+ 36.Kc2 Rc3+
37.Kd2 Ke8 (37...Kc7 {-/+}) 38.Nd3 1/2-1/2

[Event "Finland Team Ch 2010-2011"]
[Site "Helsinki FIN"]
[Date "2011.02.12"]
[Round "5"]
[White "Vallius, Kalevi"]
[Black "Paasonen, Kim"]
[Result "0-1"]
[Section "II Division:2"]
[Board "3"]
[WhiteTeam "Itä-Helsingin Shakkikerho 3"]
[BlackTeam "Lauttasaaren Shakkikerho 2"]
[WhiteElo "1526"]
[BlackElo "1615"]

1.d4 d5 2.Nf3 Bg4 3.Nbd2 c5 4.h3 Bh5 5.c3 Nc6 6.Qa4 e6 7.Ne5 Qc7 8.e3
c4 9.Ndf3 f6 10.Nxc6 bxc6 11.Be2 Bd6 12.b4? (12.b3) Ne7 13.a3 O-O
14.Qc2 Bg6 15.Qd1 e5 16.Nh4 Bf7 17.Bg4 Be8 18.Be6+ Kh8 19.Qg4 e4
20.O-O Rd8 21.f4 h5 22.Qe2 f5 23.g4 g6 24.gxf5 gxf5 25.Rf2 Rf6 26.Bxf5
Nxf5 27.Nxf5 Rxf5 28.Rg2 Rd7 29.Kh2 Rg7 30.Bd2 Rxg2+ 31.Qxg2 Rf7
32.Qg6 Qd7 33.Rg1 Rg7 34.Qxg7+?? (34.Qh6+ Kg8 35.Rxg7+ Qxg7 36.Qe6+
Qf7 37.Qxd6+ {+/=}) Qxg7 35.Rxg7 Kxg7 36.h4 Kf7 37.Be1 Ke7 38.Kh3 Bd7+
39.Kg2 Bg4 40.Kg3 Kd7 41.Bd2 Kc7 42.Bc1 Bd1 43.Bb2 Kb6 44.Bc1 Kb5 0-1

[Event "Finland Team Ch 2010-2011"]
[Site "Helsinki FIN"]
[Date "2011.02.12"]
[Round "5"]
[White "Varjokallio, Matti"]
[Black "Byysing, Veikko"]
[Result "1-0"]
[Section "II Division:2"]
[Board "4"]
[WhiteTeam "Lauttasaaren Shakkikerho 2"]
[BlackTeam "Itä-Helsingin Shakkikerho 3"]
[WhiteElo "1676"]
[BlackElo "1468"]

1.e4 e5 2.Nf3 d6 3.d4 Bg4?! 4.dxe5 Bxf3 5.Qxf3 dxe5 6.Bc4 Nf6 7.Qb3
Be7 8.Bxf7+ Kf8 9.Nc3 Nbd7 10.Be3 b6 11.O-O-O c6 12.g4 Qc7 13.g5 Ne8
14.Qe6 Nd6 15.Rxd6 Qxd6 16.Qf5 Bf6 17.Rd1 g6 18.Qg4 Qb4 19.Rxd7 Be7
20.Qe6 Rd8 21.a3 Rxd7 22.axb4 Rd6 23.Qxe5 Kxf7 24.Qxh8 1-0

[Event "Finland Team Ch 2010-2011"]
[Site "Helsinki FIN"]
[Date "2011.02.12"]
[Round "5"]
[White "Green, Kaj"]
[Black "Henttonen, Tero"]
[Result "0-1"]
[Section "II Division:2"]
[Board "5"]
[WhiteTeam "Itä-Helsingin Shakkikerho 3"]
[BlackTeam "Lauttasaaren Shakkikerho 2"]
[WhiteElo "1420"]
[BlackElo "1665"]
[Termination "time forfeit"]

1.d4 d5 2.c4 c6 3.Nc3 Nf6 4.Bg5 e6 5.e3 Be7 6.Nf3 Nbd7 7.cxd5 exd5
8.h3 Qb6 9.a3 O-O 10.Be2 Re8 11.O-O Bd6 12.Na4 Qc7 13.Bxf6 Nxf6 14.Rc1
Bf5 15.Nh4 Qd7 16.Nxf5 Qxf5 17.Bd3 Qd7 18.Qc2 g6 19.Nc3 Re7 20.Rfe1
Rae8 21.Re2 Ne4 22.Nxe4 dxe4 23.Bc4 a6 24.Ba2 Qf5 25.Qc3 h5 26.Rf1 c5?
27.d5? (27.dxc5 Bxc5 28.Rd2 {+/=}) b5 28.Qd2 Qe5 29.g3 h4 30.f4 exf3
31.Rxf3 hxg3 32.Kg2 Qg5 33.Bb1 f5 34.Qd3 Rh7 35.Re1 Rxh3 36.Re2 Rh2+
37.Kg1 0-1

[Event "Finland Team Ch 2010-2011"]
[Site "Helsinki FIN"]
[Date "2011.02.12"]
[Round "5"]
[White "Erlund, Kaj"]
[Black "Jalas, Aaro"]
[Result "1-0"]
[Section "III Division:5"]
[Board "1"]
[WhiteTeam "Loimaan Shakkikerho 2"]
[BlackTeam "Lauttasaaren Shakkikerho 3"]
[WhiteElo "1825"]
[BlackElo "1596"]

1.e4 e5 2.Nf3 Nc6 3.Bb5 a6 4.Ba4 d6 5.d4 b5 6.Bb3 Nxd4 7.Nxd4 exd4
8.Qxd4?? (8.Bd5) c5 9.Qd5 Be6 10.Qc6+ Bd7 11.Qd5 Be6 12.Qc6+ Bd7
13.Qd5 c4 14.Bxc4 bxc4 15.Qxc4 Nf6 16.Nc3 Be7 17.O-O O-O 18.Re1 Be6
19.Qd3 Qc7 20.Nd5 Nxd5 21.exd5 Bc8 22.Bf4 Bf6 (22...a5) 23.Rab1
(23.Qg3) Bb7 24.c4 Rfe8 25.b3 Qd7 26.Qg3 Rxe1+ 27.Rxe1 Re8 28.Rxe8+
Qxe8 29.Kf1 Be5 (29...Qe4!) 30.Qe3 (30.Bxe5 dxe5 {=/+}) Kf8 31.Qb6 Bxf4
32.Qxb7 Bd2 33.g3 Qe1+ 34.Kg2 Qe4+ (34...Bb4) 35.Kg1 Qb1+ 36.Kg2
Qxa2?? 37.Qc8+ Ke7 38.Qc7+ Kf6 39.Qxd6+ Kf5 40.Qb6 (40.Qd7+ Ke5
(40...Kf6 41.d6) 41.Qxf7) Qa5 (40...Qb1) 41.Qb7 Kg6 42.h4 (42.d6) f6
(42...Bb4) 43.d6 Bb4 44.Qe4+ Qf5?? (44...Kh6) 45.h5+ Kg5 46.f4+ 1-0

[Event "Finland Team Ch 2010-2011"]
[Site "Helsinki FIN"]
[Date "2011.02.12"]
[Round "5"]
[White "Heimonen, Arto"]
[Black "Brander, Ilmari"]
[Result "1/2-1/2"]
[Section "III Division:5"]
[Board "2"]
[WhiteTeam "Lauttasaaren Shakkikerho 3"]
[BlackTeam "Loimaan Shakkikerho 2"]
[WhiteElo "1575"]
[BlackElo "1802"]

1.e4 e5 2.Nf3 Nc6 3.Bb5 a6 4.Ba4 Nf6 5.O-O Be7 6.d3 d6 7.h3 h6 8.Be3
g5 9.Nbd2 g4 10.hxg4 Bxg4 11.c3 Nh5 12.d4 b5 13.Bb3 Bf6 14.Bd5 Qd7
15.a4 Rb8 16.axb5 axb5 17.Ra6 (17.Bxc6 Qxc6 18.Nxe5 {+-}) Ne7 18.Bb3 Bg7
19.dxe5 dxe5 20.c4 O-O 21.Bxh6 Bxh6 22.Rxh6 Kg7? (22...f6) 23.Rxh5?
(23.Nxe5 Bxd1 24.Nxd7 Bg4 25.Rxh5 Bxd7 26.cxb5 {+/-}) Bxh5 24.Nxe5 Bxd1
25.Nxd7 Bxb3 26.Nxb3 bxc4 27.Nxf8 (27.Nxb8 Rxb8 28.Na5) Kxf8
(27...Rxb3) 28.Nc5 Rxb2 29.Rc1 Rb4 30.Na6 Ra4 31.Nxc7 Nc6 32.Nd5 Nd4
33.Kf1 (33.Kh2) Nb3 34.Rd1 Ra2 35.Ke1 Nc5 36.Nc3 Rc2 37.Ne2 1/2-1/2

[Event "Finland Team Ch 2010-2011"]
[Site "Helsinki FIN"]
[Date "2011.02.12"]
[Round "5"]
[White "Airola, Matti"]
[Black "Koivusalo, Riku"]
[Result "1/2-1/2"]
[Section "III Division:5"]
[Board "3"]
[WhiteTeam "Loimaan Shakkikerho 2"]
[BlackTeam "Lauttasaaren Shakkikerho 3"]
[WhiteElo "1827"]
[BlackElo "1561"]

1.d4 Nf6 2.c4 e6 3.Nc3 Bb4 4.e3 O-O 5.Nf3 d5 6.Qc2 c5 7.Be2 cxd4
8.exd4 dxc4 9.Bxc4 b6 10.a3 Be7 11.Be2 Bb7 12.Qd2 Nbd7 13.O-O Ne4
14.Nxe4 Bxe4 15.Qe3 Nf6 16.Rd1 Rc8 17.Bd2 Bxf3? (17...Bc2 18.Rdc1 Nd5
19.Qe5 Bd6 20.Qg5 Qd7) 18.Bxf3 Nd5 19.Qd3 Qd7 20.Be4 Nf6 21.Bf3 Nd5
22.Qe4 Rfd8 23.Qd3 Rc7 24.Rac1 Rdc8 25.Rxc7 Rxc7 26.Rc1 Rxc1+ 27.Bxc1
Qc7 28.Bd2 Nf6 29.Qc3 Qxc3 30.Bxc3 Kf8 31.Kf1 Nd5 32.Bd2 Bf6 33.Bxd5
exd5 34.Bc3 Ke7 35.Ke2 Ke6 36.f4 g6 37.g4 Be7 38.h3 b5 39.b4 h5 40.Kf3
f5 1/2-1/2

[Event "Finland Team Ch 2010-2011"]
[Site "Helsinki FIN"]
[Date "2011.02.12"]
[Round "5"]
[White "Kauppinen, Janne"]
[Black "Koivumäki, Marko"]
[Result "0-1"]
[Section "III Division:5"]
[Board "4"]
[WhiteTeam "Lauttasaaren Shakkikerho 3"]
[BlackTeam "Loimaan Shakkikerho 2"]
[WhiteElo "1454"]
[BlackElo "1747"]

1.c4 d6 2.Nc3 e5 3.d4 exd4 4.Qxd4 Nc6 5.Qd1 g6 6.Nf3 Bg7 7.Bd2 Nge7
8.e3 O-O 9.Be2 Re8 10.O-O h6 11.a3 Be6 12.Rc1 Qd7 13.b4 Rad8 14.Qc2
Ne5 15.Nxe5 dxe5 16.Rfd1 Qc8 17.e4 (17.b5) Nc6 18.Be3 Nd4 19.Bxd4 exd4
20.Nd5 c5 (20...g5! 21.b5 c6 22.bxc6 bxc6 23.Nb4 a5 24.Nd3) 21.Bd3 b6
22.bxc5 Qxc5 23.Qb3 Kh7 24.Qb4 Rc8 25.h3 Be5 26.Qxc5? (26.Qd2) Rxc5
27.Rb1 Ra5 28.Ra1 Kg7 29.Rdb1 Bd7 30.f3 Bd6 31.Nb4 Rc8 32.Kf2 f5
33.exf5 Bxf5 34.Bxf5 Rxf5 35.Rc1 Rfc5 36.Nd3 Rxc4 37.Rd1 Rc2+ 38.Kf1
Bg3 39.Rac1 R8c3 40.Rxc2 Rxc2 41.Ne1 Rf2 42.Kg1 Ra2 43.Kf1 Rxa3
44.Rxd4 Ra1 45.Re4 Rxe1+ (45...a5!) 46.Rxe1 Bxe1 47.Kxe1 a5 48.Kd2 b5
49.Kc3 a4 50.Kb4 Kf6 51.g3 Kf5 52.h4 g5 53.hxg5 hxg5 54.Kc3 a3 55.Kb3
b4 56.Kc2 Ke5 57.Kb3 Kf5 58.Kc2 a2 59.Kb2 b3 60.Ka1 Ke5 61.Kb2 Ke6
62.Ka1 Kf5 63.Kb2 Ke5 64.Ka1 Kd4 65.f4 gxf4 66.gxf4 Ke4 67.f5 Kxf5
68.Kb2 Ke4 69.Ka1 Kd3 70.Kb2 a1=Q+ 71.Kxa1 Kc3 72.Kb1 b2 73.Ka2 Kc2
74.Ka3 b1=Q 0-1

[Event "Finland Team Ch 2010-2011"]
[Site "Helsinki FIN"]
[Date "2011.02.12"]
[Round "5"]
[White "Raitanen, Pentti"]
[Black "Liang, Ville"]
[Result "1-0"]
[Section "III Division:5"]
[Board "5"]
[WhiteTeam "Loimaan Shakkikerho 2"]
[BlackTeam "Lauttasaaren Shakkikerho 3"]
[WhiteElo "1652"]
[BlackElo "1515"]

1.Nf3 d6 2.g3 Nf6 3.d3 c5 4.Bg2 Nc6 5.Nbd2 g6 6.c3 b5 7.O-O (7.Ne5)
Bg7 8.e4 O-O 9.Re1 Qc7 10.Nf1 Ne8 11.Ne3 e6 12.a3 a5 13.d4 Ba6 14.d5
Ne5 15.Nxe5 dxe5 16.h4 Rd8 17.h5 Nf6 18.hxg6 fxg6 19.Ng4 exd5 20.Nxf6+
Rxf6 21.Bg5 dxe4 (21...d4) 22.Qc2 Rdf8 23.Bxf6 Bxf6 24.Qxe4 Kg7
25.Rad1 Bc8 26.a4 Bf5 27.Qc6 Qxc6 28.Bxc6 b4 29.cxb4 cxb4 30.Be4 Bxe4
31.Rxe4 Ra8 32.Rd7+ Kh6 33.b3 Kg5 34.Rc4 h5 35.f3 Kf5 36.Rc5 Bd8
37.Kg2 Bb6 38.Rc6 Rb8 39.Rf7+ Kg5 40.Rff6 Bd8 41.Rxg6+ Kf5 42.Rg8 Rb6
43.Rc5 (43.Rf8+ Kg5 44.f4+ exf4 45.Rg8+ Kf5 46.Rc5+ Kf6 47.Rxd8) Rd6
44.Rf8+ Ke6 45.Rh8 Rd2 46.Kh3 Rd3 47.Re8+ Be7 48.Rxa5 Rxf3 49.Ra7 Rf7
50.a5 e4 51.Kg2 (51.Rexe7+) e3 52.Raxe7+ Rxe7 53.Rxe7+ Kxe7 54.a6 Kd6
55.a7 Kc5 56.a8=Q Kd4 57.Qa1+ Kd3 58.Qd1+ Kc3 59.Qxh5 Kd2 60.Qd5+ Ke1
61.Qe4 (61.Kf3 e2 62.Qd4 Kf1 63.Qf2#) e2 62.Qxb4+ Kd1 63.Qd4+ Ke1
64.Qf2+ Kd1 65.Qxe2+ 1-0

[Event "Finland Team Ch 2010-2011"]
[Site "Helsinki FIN"]
[Date "2011.03.12"]
[Round "-"]
[White "Kauppala, Pekka"]
[Black "Koskela, Niina"]
[Result "0-1"]
[Section "II Division"]
[Stage "Qualifier"]
[Board "1"]
[WhiteTeam "Lauttasaaren Shakkikerho"]
[BlackTeam "Käpylän Shakkikerho"]
[WhiteElo "2156"]
[BlackElo "2239"]
[BlackTitle "WGM"]

1.e4 e5 2.Bc4 Nf6 3.d4 exd4 4.Nf3 Nc6 5.e5 d5 6.Bb5 Ne4 7.Nxd4 Bd7
8.Nb3 Qh4 9.Be3 d4 10.Bxc6 Bxc6 11.Qxd4 Rd8 12.Qxa7 Qg4 13.N1d2 Bb4
14.c3 (14.h3) 14...Bxc3 15.h3 Qxg2 16.O-O-O Nxd2 17.Nxd2 Bxe5 18.Nc4
Bf6 19.Qc5 b6 20.Rxd8 Bxd8 21.Qe5 Be7 22.Rd1 Qe4 23.Bd4 Qxe5 24.Bxe5
O-O 25.Rg1 f6 26.Bxc7 b5 (26...Rc8) 27.Bd6 Re8 28.Bxe7 Rxe7 29.Nd6 Re2
30.f4 Be4 31.Nxe4 (31.Rg3!) Rxe4 32.Rf1 Re3 33.h4 Kf7 34.Kd2 Rh3 35.a3
Ke7 36.f5 Rxh4 37.Kc3 Rc4+ 38.Kd3 Kf7 39.b3 Rg4 40.Kc3 {no more moves
recorded} 0-1

[Event "Finland Team Ch 2010-2011"]
[Site "Helsinki FIN"]
[Date "2011.03.12"]
[Round "-"]
[White "Haapasalo, Jukka-Pekka"]
[Black "Heikkinen, Jyrki"]
[Result "1/2-1/2"]
[Section "II Division"]
[Stage "Qualifier"]
[Board "2"]
[WhiteTeam "Käpylän Shakkikerho"]
[BlackTeam "Lauttasaaren Shakkikerho"]
[WhiteElo "2063"]
[BlackElo "2063"]

1.Nf3 Nf6 2.c4 d6 3.d4 e5 4.dxe5 Ne4 5.Nbd2 Nc5 6.Nb3 Ne6 7.g3 Nc6
8.exd6 Bxd6 9.Bg2 Qf6 10.O-O Bd7 11.Be3 O-O-O 12.Nbd4 h6 13.Nxe6 Bxe6
14.Qa4 a6 15.c5 Be7 16.b4 Bc4 17.Qc2 Qe6 18.Rfc1 Bf6 19.Rab1 Bxa2
20.Bh3 Qxh3 21.Qxa2 Bg5? (21...Qe6) 22.b5 axb5 23.Rxb5? (23.Qa8+ Kd7
24.Qxb7 {+-}) Rhe8? (23...Bxe3 24.fxe3 Qe6) 24.Bxg5 hxg5 25.Qxf7 Rxe2
26.Nxg5 Qg4 27.h4 Rd3 (27...Ne5 {=}) 28.Qf8+ Nd8 29.Qf4 Qxf4 30.gxf4 Rd4
31.Ra5 Nc6 32.Ra8+ Kd7 33.Rg8 Rxf4 34.Rxg7+ Ne7 35.c6+ bxc6 36.Rd1+
Ke8 37.Rh7 Rfxf2 38.Rh8+ Rf8 39.Rh7 Nd5? (39...c5) 40.Rf1 Rg8?
(40...Rxf1+ 41.Kxf1 Re5 {=/+}) 41.Rb1 Nb6 42.Rxc7 Kd8 43.Rxc6 (43.Ra7
Nc8 44.Rb8 Rb2 45.Rba8 {+/-}) 1/2-1/2

[Event "Finland Team Ch 2010-2011"]
[Site "Helsinki FIN"]
[Date "2011.03.12"]
[Round "-"]
[White "Sobenin, Evgeny"]
[Black "Holopainen, Timo"]
[Result "1/2-1/2"]
[Section "II Division"]
[Stage "Qualifier"]
[Board "3"]
[WhiteTeam "Lauttasaaren Shakkikerho"]
[BlackTeam "Käpylän Shakkikerho"]
[WhiteElo "1946"]
[BlackElo "2079"]

1.d4 Nf6 2.c4 e6 3.Nc3 Bb4 4.Qc2 c5 5.Nf3 Nc6 6.e3 cxd4 7.exd4 d5 8.a3
Be7 9.cxd5 exd5 10.Be2 O-O 11.O-O Bg4 12.Be3 Rc8 13.Qd1 h6 14.h3 Bf5
15.Bf4 Ne4 16.Rc1 a6 17.Ne5 Nxe5 18.Nxe4?? (18.dxe5) Rxc1? (18...Ng6
{-+}) 19.Qxc1 Nd3 20.Bxd3 dxe4 21.Bb1 Qxd4 22.Qc7 Bf6 23.Qxb7 Qxb2
24.Qxa6 Be5 25.Be3 Rb8 26.g4 Bd7 27.a4 Bc7 1/2-1/2

[Event "Finland Team Ch 2010-2011"]
[Site "Helsinki FIN"]
[Date "2011.03.12"]
[Round "-"]
[White "Honkanen, Marko"]
[Black "Wigelius, Pentti"]
[Result "1-0"]
[Section "II Division"]
[Stage "Qualifier"]
[Board "4"]
[WhiteTeam "Käpylän Shakkikerho"]
[BlackTeam "Lauttasaaren Shakkikerho"]
[WhiteElo "2054"]
[BlackElo "1938"]

1.d4 d5 2.Nf3 Nf6 3.c4 c6 4.Nc3 e6 5.Bg5 h6 6.Bh4 dxc4 7.e4 g5 8.Bg3
b5 9.Be2 Bb4 10.O-O Bxc3 11.bxc3 Nxe4 12.Qc2 Nf6? (12...Nxg3) 13.Ne5
Nbd7 14.Nxc6 Qb6 15.Ne5 Bb7 16.Nxd7 Nxd7 17.f4 O-O-O 18.fxg5 hxg5
19.Rxf7 Bd5 20.Rf2 Rdf8 21.a4 b4 22.cxb4 Qxd4 23.Rd1 1-0

[Event "Finland Team Ch 2010-2011"]
[Site "Helsinki FIN"]
[Date "2011.03.12"]
[Round "-"]
[White "Joutsivuo, Timo"]
[Black "Koskimaa, Esko"]
[Result "1/2-1/2"]
[Section "II Division"]
[Stage "Qualifier"]
[Board "5"]
[WhiteTeam "Lauttasaaren Shakkikerho"]
[BlackTeam "Käpylän Shakkikerho"]
[WhiteElo "1932"]
[BlackElo "2020"]

1.d4 Nf6 2.c4 c5 3.d5 b5 4.cxb5 a6 5.bxa6 Bxa6 6.Nc3 g6 7.Nf3 Bg7 8.g3
O-O 9.Bg2 d6 10.O-O Nbd7 11.h3 Qb6 12.Re1 Ne8 13.Qc2 Nc7 14.e4 Rfb8
15.Bf1 Bxf1 16.Kxf1 Nb5 17.Ne2? (17.Nxb5) Nd4 (17...Na3!) 18.Nexd4
cxd4 19.a4 Nc5 20.Nd2 d3 21.Qd1 Qb4 22.Ra2 Rxa4 23.Rxa4 Nxa4 24.Nf3
Nc5 25.Be3 Qc4 26.Nd2 Qb5 27.Bxc5 Qxc5 28.Re3 Qc2 29.Re1 Rxb2
(29...Bxb2 {-+}) 30.Qxc2 Rxc2 (30...dxc2) 31.Rd1 Bc3? (31...Bd4) 32.Nf3
d2 33.Ke2 Kg7 34.Nxd2 Kf6 35.Kd3 Rxd2 36.Rxd2 Bxd2 37.Kxd2 1/2-1/2

[Event "Finland Team Ch 2010-2011"]
[Site "Helsinki FIN"]
[Date "2011.03.12"]
[Round "-"]
[White "Agopov, Vladimir"]
[Black "Pitkänen, Tuomas"]
[Result "1/2-1/2"]
[Section "II Division"]
[Stage "Qualifier"]
[Board "6"]
[WhiteTeam "Käpylän Shakkikerho"]
[BlackTeam "Lauttasaaren Shakkikerho"]
[WhiteElo "2018"]
[BlackElo "1914"]

1.Nf3 d5 2.c4 Nf6 3.cxd5 Nxd5 4.Nc3 Nc6 5.g3 g6 6.Bg2 Bg7 7.O-O O-O
8.Nxd5 Qxd5 9.d3 Rd8 10.Bf4 Qb5 11.Bxc7 Rd7 12.Bf4 Qxb2 13.Rc1 Qxa2
14.Rc2 Qa6 15.Qc1 Rd8 16.Ng5? Nd4 17.Rb2 h6 18.Ne4 Qa3 19.Kh1 Nb3
20.Rxb3 Qxb3 21.Bxh6 Rb8 22.Bxg7 Kxg7 23.Qc7 Bf5 24.Qxe7 Qe6 25.Qa3
Bxe4 26.Bxe4 a6 27.Rb1 b5 28.Kg2 Qb6 29.h4 b4 30.Qb2+ Qd4 31.Qa2 Rd6
32.Qa5 Rb5 33.Qc7 a5 34.e3 Qb6 35.Qc8 a4 36.g4 Rd8 37.Qc2 b3 38.Qc3+
Qf6 39.Qc4 Ra5 40.g5 Qe5 41.Qc1 Rb8 42.f4 Qe6?? (42...Qc5 {-+}) 43.Qc3+
Kh7 44.Qxa5 Qg4+ 45.Kf2 Qxh4+ 46.Kf3 Qh3+ 47.Kf2 Qh4+ 48.Kf1 Qh3+
49.Kf2 1/2-1/2

[Event "Finland Team Ch 2010-2011"]
[Site "Helsinki FIN"]
[Date "2011.03.12"]
[Round "-"]
[White "Seppo Järvinen"]
[Black "Toivonen, Aulis"]
[Result "1/2-1/2"]
[Section "II Division"]
[Stage "Qualifier"]
[Board "7"]
[WhiteTeam "Lauttasaaren Shakkikerho"]
[BlackTeam "Käpylän Shakkikerho"]
[WhiteElo "1804"]
[BlackElo "1891"]

1.e4 e6 2.d4 d5 3.exd5 exd5 4.Bd3 Nf6 5.Nf3 Bg4 6.h3 Bh5 7.c3 Be7
8.Be3 O-O 9.Nbd2 Bg6 10.Qc2 Bxd3 11.Qxd3 c6 12.O-O Re8 13.Rae1 Nbd7
14.Re2 Qc7 15.Rfe1 Bd6 16.Bg5 Rxe2 17.Rxe2 h6 18.Bxf6 Nxf6 19.Nh4 Re8
20.Nf5 Rxe2 1/2-1/2